000 00788nas a2200241 4500
001 BR8306320
003 BR-BrBNA
005 20231205085722.0
007 ta
008 230509b bl.|||p| |||| 00| 00por d
040 _aBR-BrBNA
_bpor
_cBiblioteca Nacional de Agricultura
041 _a(Pt)
072 _aF01
100 1 _aAlvarenga, L.R. de
100 1 _aCarvalho, V.D. de
245 1 _aUso de substancias promotoras de enraizamento de estacas frutiferas
650 _aENRAIZAMENTO DE ESTACA
650 _aFRUTA
650 _aREGULADOR DE CRESCIMENTO
773 0 _tInforme Agropecuario - Empresa de Pesquisa Agropecuaria de Minas Gerais (Brazil)
_xISSN 0100-3364
_g(May 1983), v. 9(101) p. 47-55
_wBR8306320
909 _a202311
_bLúcia
_c55
_dLúcia Elande
942 _2AGRIS
_n0
_cANA
999 _c113319
_d113319